Normal view
MARC view
Entry Personal Name
001 - CONTROL NUMBER
- control field: 12567
003 - CONTROL NUMBER IDENTIFIER
- control field: OSt
005 - DATE AND TIME OF LATEST TRANSACTION
- control field: 20180322141310.0
008 - FIXED-LENGTH DATA ELEMENTS
- fixed length control field: 180322|| aca||aabn | a|a d
040 ## - CATALOGING SOURCE
- Original cataloging agency: OSt
- Transcribing agency: OSt
100 ## - HEADING--PERSONAL NAME
- Personal name: IOCD-Symposium Edited by K. Hostettmann [et..al]
670 ## - SOURCE DATA FOUND
- Source citation: Work cat.: (OSt)5005: IOCD-Symposium Edited by K. Hostettmann [et..al], Chemistry, Biological, and Pharmacological Properties of African Medicinal Plants :, 1996.
